| 000 | 00000nam 2200000za 4500 |
| 001 | 9.801143 |
| 003 | CaOODSP |
| 005 | 20230201095212 |
| 007 | cr ||||||||||| |
| 008 | 150603s2015||||xxcd||||o f000 0 fre d |
| 020 | |a978-0-660-02479-0 |
| 040 | |aCaOODSP|bfre |
| 043 | |an-cn--- |
| 086 | 1 |aPS64-115/2015F-PDF |
| 245 | 04|aLes femmes autochtones disparues ou assassinées |h[ressource électronique] : |bmise à jour 2015 de l'Aperçu opérationnel national |
| 260 | |a[Ottawa] : |bGendarmerie royale du Canada,|cc2015. |
| 300 | |a22 p. : |bill. en coul., graphiques |
| 500 | |aPubl. aussi en anglais sous le titre : Missing and murdered Aboriginal women: 2015 update to the National Operational Overview. |
| 691 | 07|aAutochtones|2gcpds |
| 691 | 07|aViolence faite aux femmes|2gcpds |
| 710 | 2 |aGendarmerie royale du Canada. |
| 775 | 08|tMissing and murdered Aboriginal women |w(CaOODSP)9.801142 |
| 856 | 40|qPDF|s1.74 Mo|uhttps://publications.gc.ca/collections/collection_2015/grc-rcmp/PS64-115-2015-fra.pdf |